| 000 | 00877nam a2200241 a 4500 | ||
|---|---|---|---|
| 999 |
_c11540 _d11540 |
||
| 001 | 11540 | ||
| 003 | BD-JhCC | ||
| 005 | 20200314102642.0 | ||
| 008 | 200314b xxu||||| |||| 00| 0 eng d | ||
| 020 | _a9789848040904 | ||
| 035 | _a(BD-JhCC)11540 | ||
| 040 |
_aBD-JhCC _dBD-JhCC |
||
| 041 | _aeng | ||
| 082 |
_a576.5 _bGON |
||
| 100 | _aগনিক, ল্যারি | ||
| 245 |
_aগল্পে-গল্পে জেনেটিক্স / _cল্যারি গনিক, মার্ক হুইলিস অনুবাদক চমক হাসান |
||
| 260 |
_aঢাকা : _bআদর্শ _c২০২০ |
||
| 300 |
_a১১১ পৃ. : _bচিত্রবলী সংযোজিত, _c২৩ সেমি. |
||
| 650 | _aGenetics | ||
| 700 | _aহুইলিস, মার্ক | ||
| 700 | _aহাসান, চমক | ||
| 942 |
_2ddc _cBK |
||